Capitals of Oceania - Statistics

General Stats
  • This quiz has been taken 363 times
  • The average score is 10 of 14
Answer Stats
Country Capital % Correct
Australia Canberra
99%
New Zealand Wellington
95%
Papua New Guinea Port Moresby
82%
Fiji Suva
82%
Samoa Apia
75%
Vanuatu Port Vila
75%
Tuvalu Funafuti
69%
Tonga Nuku'alofa
66%
Marshall Islands Majuro
65%
Nauru Yaren
64%
Palau Ngerulmud
63%
Micronesia Palikir
63%
Solomon Islands Honiara
59%
Kiribati Tarawa
58%
No matching quizzes found
Score Distribution
Percent of People with Each Score
Percentile by Number Answered
Your Score History
You have not taken this quiz